000 00480nam a2200181Ia 4500
008 100920s9999 xx 000 0 und d
082 _b94384
_a15 न 05
100 _aROY M.N.
245 _aSCIENCE AND SUPORSTITION.
260 _bRENISSANCE PVT LTD KOLKATTA.
_c2005
300 _a111
_bसाधी
365 _b125
520 _aसोशो.
630 _aSCIENCE AND SUPORSTITION.
650 _aसोशो.
730 _aSCIENCE AND SUPORSTITION.
942 _cBOOK
999 _c734827
_d734824